Statistics for European Borders - Ultimate Quiz

Click here to take the quiz!

General Stats

  • This quiz has been taken 189 times
  • The average score is 88 of 128

Answer Stats

ANSWER% Correct
4
94%
2
91%
8
89%
Spain
89%
France
89%
4
88%
United Kingdom
88%
1
87%
5
87%
8
87%
4
87%
1
86%
Russia
86%
Spain
86%
Germany
86%
Sweden
86%
Russia
85%
Russia
85%
Germany
85%
0
85%
7
85%
9
85%
3
85%
Latvia
85%
6
84%
France
84%
2
84%
4
82%
3
82%
4
82%
Romania
81%
0
81%
3
81%
4
81%
Monaco
81%
2
81%
5
81%
Greece
81%
Lithuania
80%
5
80%
Luxembourg
80%
4
80%
Switzerland
80%
Vatican City
80%
Croatia
79%
Germany
79%
1
78%
Liechtenstein
78%
France
78%
2
78%
France
77%
Belgium
76%
Bulgaria
76%
5
76%
Bosnia
76%
Czech Republic
75%
Kosovo
75%
Austria
75%
Switzerland
75%
Turkey
75%
Denmark
74%
Slovakia
73%
Belarus
73%
Serbia
73%
3
73%
2
73%
Montenegro
72%
Germany
72%
1
72%
Latvia
72%
Sweden
72%
Belgium
72%
5
71%
Ukraine
71%
Belarus
71%
Spain
70%
7
70%
Russia
70%
Poland
69%
Romania
68%
Greece
67%
Montenegro
67%
1
67%
Macedonia
67%
Italy
66%
Slovakia
65%
Montenegro
64%
5
60%
1
59%
8
58%
Italy
58%
Serbia
58%
4
58%
8
58%
2
58%
Bosnia
56%
Ireland
55%
2
54%
2
54%
Portugal
54%
Slovenia
53%
5
52%
Croatia
52%
Finland
52%
Norway
52%
Ukraine
51%
Bulgaria
51%
Czech Republic
50%
4
50%
Lithuania
49%
Spain
49%
5
48%
7
48%
United Kingdom
46%
Greece
46%
Italy
45%
Bulgaria
45%
Russia
43%
Norway
42%
Liechtenstein
42%
Hungary
39%
Croatia
35%
Hungary
34%
Romania
33%
Macedonia
26%
Austria
26%
Hungary
26%
Slovakia
24%

Score Distribution

Percentile by Number Answered

Percent of People with Each Score

Your Score History

You have not taken this quiz